| 000 -ლიდერი |
| ფიქსირებული სიგრძის საკონტროლო ველი |
00889nam a22001097a 4500 |
| 008 - ფიქსირებული სიგრძის მონაცემები--ზოგადი ცნობები |
| ფიქსირებული სიგრძის საკონტროლო ველი |
230913s2004ge xxu||||| |||| 00| 0 geo d |
| 020 ## - ISBN |
| ISBN |
9994001221 |
| 080 ## - UDC |
| UDC |
07 |
| ეგზემპლარის შიფრი (მაგ. კეტერის) |
ჰ-263 |
| 100 ## - პირველი ავტორი--პიროვნების სახელი |
| პიროვნების სახელი |
ჰამილტონი, ჯონ მაქსველ, ავტორი. |
| 9 (RLIN) |
19812 |
| 245 ## - ცნობა სათაურზე |
| სათაური |
ჩაეჭიდეთ პრესას : |
| ქვესათაური |
ამბავი საგაზეთო ცხოვრებაზე / |
| ცნობა პასუხისმგებლობის და ასშ შესახებ |
ჯონ მაქსველ ჰამილტონი, ჯორჯ კრიმსკი ; მთარგმნელი ნოდარ მანჩხაშვილი ; რედაქტორი ანა ჭაბაშვილი. |
| 264 ## - გამოცემის, წარმოების, დისტრიბუციის ცნობები |
| გამოცემის, წარმოების, დისტრიბუციის... ადგილი |
თბილისი : |
| გამოცემის, წარმოების, დისტრიბუციის... სახელწოდება |
ჟურნ. და მედია მენეჯმ. კავკ. სკოლა : საქ. საზ. საქმეთა ინ-ტი, (სტ. "სეზანი") |
| გამოცემის, წარმოების, დისტრიბუციის... თარიღი |
2004 . |